El Protocolo Guatemala /
El Protocolo de Guatemala busca perfeccionar la zona de libre comercio, eliminar barreras arancelarias y no arancelarias al comercio intrarregional, proscribir el uso de subsidios y subvenciones y otras prácticas desleales de comercio. Se propone a su vez trabajar bajo una unión aduanera, además de...
Spremljeno u:
| Glavni autor: | |
|---|---|
| Format: | Tekst |
| Jezik: | Spanish |
| Teme: | |
| Oznake: |
Dodaj oznaku
Bez oznaka, Budi prvi tko označuje ovaj zapis!
|
MARC
| LEADER | 00000 a a2200000 04500 | ||
|---|---|---|---|
| 001 | 12072 | ||
| 003 | cru CIDCACS/IIS | ||
| 005 | 20230123115617.0 | ||
| 008 | 230123b |||||||| |||| 00| 0 spa d | ||
| 040 | |c cru CIDCACS/IIS | ||
| 100 | 1 | |a Shetemul, Haroldo | |
| 245 | 1 | 3 | |a El Protocolo Guatemala / |c Haroldo Shetemul |
| 500 | |a Colección Centroamérica | ||
| 520 | |a El Protocolo de Guatemala busca perfeccionar la zona de libre comercio, eliminar barreras arancelarias y no arancelarias al comercio intrarregional, proscribir el uso de subsidios y subvenciones y otras prácticas desleales de comercio. Se propone a su vez trabajar bajo una unión aduanera, además de libertad cambiaria y de tránsito territorial, integración monetaria y financiera y armonización de las legislaciones en materia financiera, bursátil y de seguros. En el proceso integrador los países más dinámicos han sido El Salvador, Guatemala, Honduras y luego Nicaragua |a ellos acordaron crear una zona de libre comercio, con unión aduanera y libre movilización de capitales y mano de obra. Costa Rica por su parte se niega a la libre circulación y a la unión monetaria, por estimar que no se dan las condiciones para ello y agregan que no abrirán la frontera norte hasta que Nicaragua reduzca su índice de desempleo. El hecho de dar a Centroamérica la idea de unidad, obedece a las presiones de Estados Unidos y de las Comunidades Europeas para que la región alcance acuerdos que tornen viables el abatimiento de las barreras arancelarias y permitan el tránsito del libre comercio. Según la visión de los mandatarios, el futuro regional depende en buena medida de la capacidad para persuadir a los inversionistas del norte sobre las ventajas del libre flujo de capitales y mano de obra en toda la faja territorial. OB/LOB | ||
| 650 | |a INTEGRACION ECONOMICA | ||
| 650 | |a INTEGRACION REGIONAL | ||
| 650 | |a ESTRATEGIA DEL DESARROLLO | ||
| 650 | |a PAISES EN DESARROLLO | ||
| 650 | |a LIBRE COMERCIO | ||
| 650 | |a BARRERAS ARANCELARIAS | ||
| 650 | |a LIBERALIZACION DEL INTERCAMBIO | ||
| 650 | |a SIECA | ||
| 650 | |a TLC | ||
| 650 | |a CAMBIO TECNOLOGICO | ||
| 650 | |a SISTEMAS POLITICOS | ||
| 650 | |a DEMOCRACIA | ||
| 650 | |a DERECHOS HUMANOS | ||
| 650 | |a VIOLENCI | ||
| 651 | 0 | |9 308 |a CENTROAMERICA | |
| 773 | |g número 111; páginas 5-6 | ||
| 773 | 0 | |0 43109 |9 7780 |a Coordinadora Regional de Investigaciones Económicas y Sociales |d Managua, Nicaragua: CRIES, 1982- |o 22375 |t Pensamiento Propio / | |
| 942 | |2 ddc |c PP | ||
| 999 | |c 35389 |d 35389 | ||
